000 00692nam a22002177a 4500
005 20250328144758.0
010 _aENG-144344
020 _c325.00
_a 9789384761479
035 _aEN-127876
037 _bDBAD
082 _a500
100 _aKumar Rishikesh
_980017
245 _aComplete Mathematics
_bFor Concept And Ability To Solve Faster
_cRishikesh Kumar
_hEnglish
250 _a1
260 _aAshochak
_bLucent Publication
_c2020
270 _aNew Bypass Road ,Ashochak Patna
_bPatna Bihar
_e800030
_k0612-2344915
_minfo@lecentpublication.com
300 _a1002 p.
_c21(pb)
700 _aRishikesh Kumar
_980016
760 _b1
942 _2ddc
_cEN
_h500
_mkum
_e1
999 _c210579
_d210579